La corriente de la conciencia en la novela moderna: un estudio de James Joyce, Virginia Woolf, Dorothy Richardson, William Faulkner y otros
Guardat en:
| Autor principal: | |
|---|---|
| Format: | Llibre |
| Idioma: | espanyol |
| Publicat: |
Santiago
Universitaria
1969
|
| Col·lecció: | Teoria Literaria, 2
|
| Matèries: | |
| Etiquetes: |
Afegir etiqueta
Sense etiquetes, Sigues el primer a etiquetar aquest registre!
|
MARC
| LEADER | 00000nam a2200000 a 4500 | ||
|---|---|---|---|
| 001 | UCX4042 | ||
| 003 | CL-VaPUC | ||
| 008 | 920312e19690000CL |||||||||||||||||spa|d | ||
| 082 | 0 | 4 | |a 809.3 |b HUM |2 21 |
| 100 | 0 | |a Humphrey, Robert |e author |9 320208 | |
| 245 | 1 | 3 | |a La corriente de la conciencia en la novela moderna: un estudio de James Joyce, Virginia Woolf, Dorothy Richardson, William Faulkner y otros |
| 300 | |a 137 p | ||
| 942 | |c BK | ||
| 945 | |d 19920312 00:00:00 | ||
| 260 | |a Santiago |b Universitaria |c 1969 | ||
| 650 | 0 | |a Novela |9 313705 | |
| 650 | 0 | |a Historia y crítica, siglo 20 |9 269384 | |
| 583 | |a last modification |c 19920312 00:00:00 |k Rodrigo Vera | ||
| 490 | 0 | |a Teoria Literaria, 2 | |
| 999 | |c 224629 |d 224627 | ||
| 952 | |0 0 |1 0 |4 0 |6 809_300000000000000_HUM_1969 |7 0 |8 A |9 221413 |a BIBEDU |b BIBEDU |d 2019-11-15 |i 2902028 |o 809.3 HUM 1969 |p 2902028 |r 2019-11-15 |w 2019-11-15 |y BK |k LIT | ||
| 952 | |0 0 |1 0 |4 0 |6 809_300000000000000_HUM_1969 |7 0 |8 A |9 221414 |a BIBEDU |b BIBEDU |d 2019-11-15 |i 3300404 |o 809.3 HUM 1969 |p 3300404 |r 2019-11-15 |w 2019-11-15 |y BK |k LIT | ||
| 952 | |0 0 |1 0 |4 0 |6 809_300000000000000_HUM_1969 |7 0 |8 A |9 221415 |a FDOPOS |b BIBEDU |d 2019-11-15 |i 1318829 |l 1 |m 1 |o 809.3 HUM 1969 |p 1318829 |r 2025-01-22 |s 2023-06-06 |w 2019-11-15 |y BK |k MLH | ||
| 952 | |0 0 |1 0 |4 0 |6 809_300000000000000_HUM_1969 |7 0 |8 A |9 221416 |a FDOPOS |b FDOPOS |d 2019-11-15 |i 131887K |o 809.3 HUM 1969 |p 131887K |r 2025-01-22 |w 2019-11-15 |y BK |k MLH | ||